[Event "Challenge"]
[Site "http://www.queenalice.com/game.php?id=1864755"]
[Date "2025.10.26"]
[Round "-"]
[White "jogo"]
[Black "Mlintz"]
[Result "0-1"]
[WhiteElo "1731"]
[BlackElo "1861"]

1. e4 e5 2. Nf3 Qe7 3. c3 c5 4. d4 exd4 5. cxd4 Qxe4+ 6. Qe2 Qxe2+ 7. Bxe2 cxd4
8. Nxd4 Bc5 9. Nb5 Na6 10. N1c3 Bb4 11. a3 Bxc3+ 12. bxc3 Nf6 13. Nd6+ Ke7 14.
Bg5 Kxd6 15. O-O-O+ Kc7 16. Bf4+ Kd8 17. Bg5 Nc5 18. f3 Ne6 19. Rd2 Nxg5 20. h4
Ne6 21. g4 Nc5 22. g5 Nb3+ 23. Kc2 Nxd2 24. gxf6 g6 25. Kxd2 h5 26. Bc4 Rf8 27.
Re1 a6 28. Re7 b5 29. Bxf7 Rxf7 30. Rxf7 Ke8 31. Rg7 Kf8 32. Rxg6 Kf7 33. Rh6
Bb7 34. f4 Bf3 35. Ke3 Bg4 36. f5 Bxf5 37. Kf4 Bg6 38. Kg5 Rg8 39. Kf4 Kxf6 0-1

[Event "Challenge"]
[Site "http://www.queenalice.com/game.php?id=1865000"]
[Date "2025.11.2"]
[Round "-"]
[White "PaulMSains"]
[Black "jogo"]
[Result "1-0"]
[WhiteElo "2029"]
[BlackElo "1790"]

1. Nf3 Nf6 2. g3 g6 3. Bg2 Bg7 4. O-O O-O 5. c3 c5 6. d4 d6 7. dxc5 dxc5 8. Bg5
Qxd1 9. Rxd1 h6 10. Be3 Nbd7 11. Nbd2 Rb8 12. Rab1 Ng4 13. Bf4 e5 14. Be3 f5 15.
Nc4 f4 16. gxf4 1-0

[Event "Challenge"]
[Site "http://www.queenalice.com/game.php?id=1865425"]
[Date "2025.11.10"]
[Round "-"]
[White "jogo"]
[Black "Mlintz"]
[Result "1-0"]
[WhiteElo "1727"]
[BlackElo "1927"]

1. e4 e5 2. Nf3 Qe7 3. d4 d6 4. dxe5 dxe5 5. Nc3 c6 6. a4 a5 7. h3 g6 8. Bc4 Bg7
9. Bg5 Nf6 10. Qd2 Nbd7 11. O-O-O O-O 12. Qd6 Qxd6 13. Rxd6 Ne8 14. Rd2 h6 15.
Be7 Nef6 16. Bxf8 Kxf8 17. Rhd1 Ke8 18. Ba2 b6 19. g4 g5 20. Ne2 Nxe4 21. Ng3
Nec5 22. Nf5 Bf8 23. Re1 f6 24. N3d4 Bb7 25. c3 Nxa4 26. Ne6 Rc8 27. Red1 Nac5
28. Nxf8 Kxf8 29. Rxd7 Nxd7 30. Rxd7 Ba6 31. Rf7+ 1-0

[Event "Challenge"]
[Site "http://www.queenalice.com/game.php?id=1865426"]
[Date "2025.11.10"]
[Round "-"]
[White "Mlintz"]
[Black "jogo"]
[Result "0-1"]
[WhiteElo "1942"]
[BlackElo "1747"]

1. e4 c5 2. Bc4 e6 3. Nc3 a6 4. a4 Nc6 5. Nf3 Na5 6. Be2 d5 7. d4 cxd4 8. Qxd4
Nc6 9. Qd1 d4 10. Nb1 h6 11. O-O Bc5 12. b3 Nge7 13. Bb2 Ng6 14. e5 O-O 15. Re1
Ngxe5 16. Nxe5 Nxe5 17. Bxa6 Nc6 18. Be2 Qb6 19. Rf1 Rd8 20. Nd2 e5 21. Bf3 Bf5
22. Ne4 Be7 23. Ba3 Bxa3 24. Rxa3 Qb4 25. Ra1 Rac8 26. Re1 Ne7 27. h3 Nd5 28. a5
Nc3 29. Qd2 Nd5 30. Qd3 Nf4 31. Qd2 Qxd2 32. Nxd2 Rxc2 33. Rxe5 Be6 34. Rd1 f6
35. Ree1 Bd5 36. Bxd5+ Rxd5 37. b4 Kf7 38. Nb3 d3 39. Rd2 Rxd2 40. Nxd2 Rg5 41.
g3 Nxh3+ 42. Kg2 Nf4+ 43. Kf3 Nd5 44. Rb1 h5 45. Rb2 Nc3 46. Ne4 Rf5+ 47. Kg2
Nxe4 0-1

[Event "AUTO-OPEN-4625"]
[Site "http://www.queenalice.com/game.php?id=1865869"]
[Date "2025.11.20"]
[Round "1"]
[White "jogo"]
[Black "Capixaba789"]
[Result "1-0"]
[WhiteElo "1740"]
[BlackElo "1770"]

1. e4 b6 2. d4 Bb7 3. Nc3 Nf6 4. e5 Nd5 5. Nxd5 Bxd5 6. c4 Be4 7. f3 Bg6 8. h4
h5 9. Ne2 e6 10. Bg5 Be7 11. Bxe7 Qxe7 12. Nf4 Bf5 13. Bd3 Bxd3 14. Qxd3 Qb4+
15. Qc3 Qxc3+ 16. bxc3 Nc6 17. O-O-O a5 18. Rhe1 Ne7 19. d5 exd5 20. cxd5 Nf5
21. e6 fxe6 22. dxe6 O-O-O 23. e7 Rde8 24. Ng6 Rh6 25. Nf8 Rxe7 26. Rxe7 Nxe7
27. Rxd7 Nf5 28. Rf7 Rf6 29. Rxf6 gxf6 30. Nh7 1-0

[Event "Challenge"]
[Site "http://www.queenalice.com/game.php?id=1866055"]
[Date "2025.11.23"]
[Round "-"]
[White "jogo"]
[Black "SGF"]
[Result "1-0"]
[WhiteElo "1707"]
[BlackElo "1731"]

1. e4 e5 2. Nf3 Qf6 3. d4 Bb4+ 4. c3 Ba5 5. Nxe5 d6 6. Qa4+ Nc6 7. Nxc6 Bxc3+ 8.
Nxc3 Bd7 9. e5 dxe5 10. dxe5 Qxc6 11. Qe4 O-O-O 12. Qxc6 Bxc6 13. Bd2 Re8 14. f4
Nf6 15. O-O-O Ne4 16. Nxe4 Bxe4 17. Rg1 f6 18. Bc3 f5 19. Bb5 c6 20. Bd3 Bxd3
21. Rxd3 Rhg8 22. Rgd1 g6 23. Ba5 b6 24. Bb4 a5 25. Ba3 b5 26. Bd6 Rd8 27. Rc3
Kb7 28. a3 h5 29. Be7 Rxd1+ 30. Kxd1 Kb6 31. Kc2 a4 32. Rd3 Re8 33. Bd8+ Kc5 34.
Rd7 b4 35. axb4+ Kxb4 36. Bb6 c5 37. Rd5 Rc8 38. e6 Kc4 39. Re5 Rc6 40. e7 Rc8
41. e8=Q Rxe8 42. Rxe8 Kb5 43. Re6 Kb4 44. Rxg6 c4 45. Bd4 Kb5 46. Rb6+ Ka5 47.
Rf6 Kb4 48. Bc3+ Kc5 49. Rxf5+ Kd6 50. Rxh5 Kc6 51. Bb4 Kd7 52. Kc3 Kc6 53. Kxc4
Kb6 54. Ra5 a3 55. bxa3 Kb7 56. f5 Kb6 57. f6 Kc6 58. f7 Kb6 59. f8=Q Kb7 60.
Qe7+ Kb6 61. Rb5+ Ka6 62. Qb7# 1-0

[Event "Challenge"]
[Site "http://www.queenalice.com/game.php?id=1866056"]
[Date "2025.11.23"]
[Round "-"]
[White "SGF"]
[Black "jogo"]
[Result "0-1"]
[WhiteElo "1714"]
[BlackElo "1724"]

1. e4 c5 2. Qf3 Nc6 3. Bc4 Ne5 4. Qb3 Nxc4 5. Qxc4 e6 6. d3 d5 7. exd5 exd5 8.
Qb5+ Qd7 9. Qxd7+ Bxd7 10. Nc3 Bc6 11. Nf3 d4 12. Ne2 h6 13. Ne5 Bxg2 14. Rg1
Bh3 15. Kd2 Bd6 16. f4 Bf8 17. a4 Bf5 18. Ng3 Bh7 19. Re1 Be7 20. f5 f6 21. Ng6
Bxg6 22. fxg6 O-O-O 23. Nf5 Bf8 24. h4 Rd7 25. Re8+ Rd8 26. Rxd8+ Kxd8 27. h5
Ne7 28. Nd6 Kc7 29. Nf7 Rg8 30. a5 Nf5 31. Ke2 Be7 32. a6 b6 33. Bf4+ Kd7 34.
Kf3 Rc8 35. b3 Rc6 36. Be5 fxe5 37. Nxe5+ Kd6 38. Nxc6 Kxc6 39. Kg4 Ne3+ 40. Kf4
Nxc2 41. Ra2 Nb4 42. Ra4 Nxd3+ 43. Ke4 Nb4 44. Kf5 Kd5 45. Kf4 Bg5+ 46. Kg4 d3
47. Ra1 d2 48. Kf3 Kd4 49. Ke2 Kc3 50. Kd1 Kxb3 51. Ke2 Nd5 52. Rg1 Nf4+ 53.
Kxd2 Nh3+ 54. Rxg5 Nxg5 55. Ke3 c4 56. Kf4 c3 57. Ke5 c2 58. Kd6 c1=Q 59. Ke7
Qe1+ 60. Kf8 Ne6+ 61. Kf7 Qe5 62. Ke7 Qf6+ 63. Kd7 Nc5+ 64. Kc7 Qe7+ 65. Kc6
Qd7# 0-1